Innovation and Entrepreneurship Practice and Principles

Uložené v:
Podrobná bibliografia
Hlavný autor: Drucker, Peter F.
Médium: Kniha
Jazyk:English
Vydavateľské údaje: New York Harper and Row 1985
Vydanie:1. ed.
Tagy: Pridať tag
Žiadne tagy, Buďte prvý, kto otaguje tento záznam!

MARC

LEADER 00000nam a2200000 4500
001 c032161
005 20221220081834.5
041 0 |a eng 
044 |a US 
245 1 0 |a Innovation and Entrepreneurship  |b Practice and Principles  |c Peter F. Drucker 
250 |a 1. ed. 
264 1 |a New York  |b Harper and Row  |c 1985 
300 |a 277 s. 
100 1 |a Drucker, Peter F.